01395nab a22002297a 4500999001500000003000400015005001700019008004100036040000700077100003200084245015500116260007200271300001500343500003900358505043200397505008900829650002600918650003400944650003100978773014301009942001301152 c5914d5914OSt20260110023209.0190605e xxu||||| |||| 00| 0 spa d cPJ 96161aIbarra Pérez, Oscar10aCarga de familia : bsu concepto y evolución a fines de aplicarse en las licencias por enfermedades inculpables de la LCT /cOscar Ibarra Pérez.  aCiudad Autónoma de Buenos Aires :bThomson Reuters La Ley,c2023. ap. 193-200 aCita: TR LALEY AR/DOC/2533/2023.  aSumario: I. Introducción.— II. El concepto de familia. Su carácter amplio y dinámico.— III. Ausencia de definición en la LCT. Integración amplia con fuentes supletorias: el Cód. Civil, la constitución, convenios OIT, tratados, jurisprudencia y principios del derecho laboral.— IV. ¿Qué significa carga de familia?— V. Efectos prácticos e impacto en las licencias por enfermedad.— VI. Conclusiones.  t¿Te interesa el texto completo? Solicitalo al correo: koha@justierradelfuego.gov.ar 091316aDERECHO LABORAL 091394aASIGNACIONES FAMILIARES 094432aLICENCIAS ESPECIALES0 0271193168dCiudad Autónoma de Buenos Aires : Thomson Reuters La Ley, 1999-2002.tRevista de derecho del trabajo. Nº 6 - Noviembre 2023 2udccANA